La pastoral de las vocaciones a la hora de concilio
Guardat en:
| Autor corporatiu: | |
|---|---|
| Format: | Llibre |
| Idioma: | espanyol |
| Publicat: |
Bogotá
DEVOC
1967
|
| Col·lecció: | Colección Devoc, 1
|
| Matèries: | |
| Etiquetes: |
Afegir etiqueta
Sense etiquetes, Sigues el primer a etiquetar aquest registre!
|
MARC
| LEADER | 00000nam a2200000 a 4500 | ||
|---|---|---|---|
| 001 | UCL5082 | ||
| 003 | CL-VaPUC | ||
| 005 | 20250228150317.0 | ||
| 008 | 040305e19672309ck 1 spa d | ||
| 082 | 0 | 4 | |a 253.2 |b DEP |2 21 |
| 110 | 2 | |a Departamento de Vocaciones del CELAM |e author |9 620511 | |
| 245 | 1 | 3 | |a La pastoral de las vocaciones a la hora de concilio |
| 260 | |a Bogotá |b DEVOC |c 1967 | ||
| 300 | |a 266 p | ||
| 490 | 0 | |a Colección Devoc, 1 | |
| 583 | |a last modification |c 20040305 00:00:00 |k Rodrigo Vera | ||
| 650 | 0 | 0 | |a Vocación religiosa |9 392452 |
| 942 | |c BK | ||
| 945 | |a vberengu |d 20040305 00:00:00 | ||
| 546 | |a En Español | ||
| 536 | |a DEVOC | ||
| 518 | |p Congreso Latinoamericano de Vocaciones, Perú, 20-26 de noviembre 1966 | ||
| 999 | |c 383989 |d 383987 | ||
| 952 | |0 0 |1 0 |4 0 |6 253_200000000000000_DEP_1967 |7 0 |8 A |9 506341 |a BIBTEO |b BIBTEO |d 2020-01-23 |i 2103761 |o 253.2 DEP 1967 |p 2103761 |r 2025-01-17 |w 2020-01-23 |y BK |k ICR | ||